[Event "World Youth Boys U18 2014"]
[Site "Durban RSA"]
[Date "2014.09.25"]
[Round "7.3"]
[White "Torosyan, Norayr"]
[Black "Henriquez Villagra, Cristobal"]
[Result "1/2-1/2"]
[BlackTitle "IM"]
[WhiteElo "2321"]
[BlackElo "2466"]
[WhiteFideId "13300431"]
[BlackFideId "3409350"]
[EventDate "2014.09.20"]

1. e4 c5 2. Nf3 d6 3. Bb5+ Bd7 4. Bxd7+ Qxd7 5. c4 Nc6 6. d4 cxd4 7. Nxd4 g6 8.
Nc3 Bg7 9. Nde2 Nf6 10. O-O O-O 11. f3 Rfd8 12. Bg5 h6 13. Be3 e6 14. Qd2 d5 15.
cxd5 exd5 16. Bxh6 dxe4 17. Qxd7 Nxd7 18. Bxg7 exf3 19. Bh6 fxe2 20. Nxe2 Nc5
21. Nc3 f5 22. Bg5 Rd3 23. Rae1 b6 24. Rd1 Re8 25. Rfe1 Rxd1 26. Rxd1 Ne6 27.
Be3 f4 28. Bf2 g5 29. h3 Kf7 30. Rd7+ Kf6 31. Rd6 Rc8 32. g3 Ke7 33. Rd5 Nb4 34.
Rd2 Rc4 35. Kg2 Nc6 36. Nd5+ Kf7 37. b3 Rc1 38. gxf4 gxf4 39. Kf3 Ne5+ 40. Ke4
Ng6 41. h4 Rh1 42. Nc7 Nxc7 43. Rd7+ Ke8 44. Rxc7 Rh2 45. h5 Rxh5 46. Rxa7 Re5+
47. Kf3 b5 48. b4 Re7 49. Rxe7+ Kxe7 50. Bc5+ Kf6 51. Ke4 Ke6 52. a3 1/2-1/2

[Event "World Youth Boys U18 2014"]
[Site "Durban RSA"]
[Date "2014.09.25"]
[Round "7.4"]
[White "Harutyunian, Tigran K."]
[Black "Studer, Noel"]
[Result "0-1"]
[WhiteTitle "IM"]
[BlackTitle "FM"]
[WhiteElo "2439"]
[BlackElo "2404"]
[WhiteFideId "13303635"]
[BlackFideId "1319620"]
[EventDate "2014.09.20"]

1. c4 Nf6 2. Nf3 e6 3. g3 b6 4. Bg2 Bb7 5. O-O c5 6. Nc3 Be7 7. Re1 d6 8. e4 a6
9. d4 cxd4 10. Nxd4 Qc7 11. Be3 Nbd7 12. Rc1 O-O 13. f4 Rac8 14. Nd5 exd5 15.
cxd5 Qb8 16. Nc6 Bxc6 17. dxc6 Nc5 18. g4 Rfd8 19. g5 Nfxe4 20. Qd5 Nf6 21. gxf6
Bxf6 22. Bh3 Rc7 23. b4 Na4 24. Bd7 b5 25. Kg2 Qa8 26. Qf3 d5 27. f5 Rcxd7 28.
cxd7 Rxd7 29. Bf4 h6 30. Be5 Bxe5 31. Rxe5 Qd8 32. f6 Qxf6 33. Re8+ Kh7 34. Qxf6
gxf6 35. Kf3 Nb2 36. Rcc8 Kg6 37. Rcd8 Rxd8 38. Rxd8 Nd3 39. a3 Ne5+ 40. Ke2 Nc4
41. a4 bxa4 42. Ra8 Kf5 43. Rxa6 Ke5 44. b5 a3 45. Kd3 f5 46. Rc6 Na5 47. Rc2
Nc4 48. Re2+ Kd6 49. Kd4 f4 50. Rf2 f5 51. h4 f3 52. h5 f4 53. b6 Ne3 54. Ra2
Kc6 55. Kc3 f2 56. Rxf2 Nd1+ 0-1

[Event "World Youth Boys U18 2014"]
[Site "Durban RSA"]
[Date "2014.09.25"]
[Round "7.5"]
[White "Das, Sayantan"]
[Black "Akhmetov, Ayan"]
[Result "0-1"]
[WhiteTitle "IM"]
[BlackTitle "IM"]
[WhiteElo "2456"]
[BlackElo "2350"]
[WhiteFideId "5034426"]
[BlackFideId "13703706"]
[EventDate "2014.09.20"]

1. e4 d6 2. d4 Nf6 3. Nc3 e5 4. Nf3 Nbd7 5. Be2 c6 6. O-O Be7 7. a4 O-O 8. Re1
a5 9. Bf1 Re8 10. b3 Bf8 11. Ba3 Qc7 12. h3 exd4 13. Qxd4 Nc5 14. Bxc5 dxc5 15.
Qd2 Be6 16. Ng5 Rad8 17. Nxe6 Rxe6 18. Qg5 Bd6 19. Qe3 Bh2+ 20. Kh1 Be5 21. Bc4
Ng4 22. Qf3 Bxc3 23. Qxg4 Rg6 24. Qe2 Bxa1 25. Rxa1 Qe5 26. Rf1 Rf6 27. g3 Rfd6
28. Bd3 Qc3 29. Bc4 g6 30. Bd3 b5 31. axb5 cxb5 32. Bxb5 Rd2 33. Qc4 Qf3+ 34.
Kg1 Rd1 35. Qxc5 Qxe4 36. Bd3 Rxf1+ 37. Bxf1 Qb4 38. Qc6 Rd1 39. Qe8+ Kg7 40.
Qe5+ f6 41. Qc7+ Kh6 42. Qc6 Qd4 43. Qf3 Rc1 44. Qc6 Qd1 45. Qa6 Qe1 46. Qd3 Rd1
47. Qc4 Qb4 48. Qc6 Qd4 49. Qf3 f5 50. h4 Rc1 51. Qe2 Rd1 52. Qe7 Qe4 53. Qf8+
Kh5 54. Qf6 h6 55. Qa6 Qxc2 56. Qb5 Kg4 57. Qa6 Kf3 58. Qb7+ Qe4 59. Qb5 Ra1 60.
Qa6 Rb1 61. Qb5 g5 62. hxg5 hxg5 63. Qa6 Re1 64. Qb5 g4 65. Qa6 f4 66. Qb5 fxg3
67. fxg3 Qe3+ 68. Kh1 Kf2 0-1

[Event "World Youth Boys U18 2014"]
[Site "Durban RSA"]
[Date "2014.09.25"]
[Round "7.6"]
[White "Shetty, Atulya"]
[Black "Zenzera, Alexey"]
[Result "0-1"]
[WhiteTitle "FM"]
[BlackTitle "IM"]
[WhiteElo "2328"]
[BlackElo "2439"]
[WhiteFideId "2031213"]
[BlackFideId "4102665"]
[EventDate "2014.09.20"]

1. c4 Nf6 2. g3 e6 3. Bg2 d5 4. Nf3 dxc4 5. Na3 Bxa3 6. bxa3 O-O 7. Bb2 c6 8.
Qc2 Nbd7 9. Qxc4 Re8 10. O-O e5 11. Rab1 e4 12. Ng5 Qe7 13. Qd4 Nc5 14. Rfc1 b6
15. d3 Rd8 16. Qe5 Qxe5 17. Bxe5 exd3 18. Bxc6 d2 19. Bxa8 Bf5 20. e4 dxc1=Q+
21. Rxc1 Rxa8 22. exf5 Nd3 23. Rc7 Nxe5 24. f4 Ned7 25. Nf3 g6 26. Nd4 Nc5 27.
fxg6 hxg6 28. Nc6 Nd5 29. Rxa7 Rxa7 30. Nxa7 Kg7 31. Kg2 Kf6 32. Kf3 Ke6 33. Nc6
Nc3 34. g4 Nxa2 35. h4 Nc3 36. h5 gxh5 37. gxh5 Nd5 38. h6 Nf6 39. Nd8+ Ke7 40.
Nc6+ Kf8 41. Ne5 Kg8 42. Ke3 Ne6 43. f5 Nc7 44. Kd3 Nce8 45. Nc4 Nd7 46. Kd4 Kh7
47. a4 Nc7 48. a5 b5 49. Nd6 f6 50. a6 Nb8 51. Ne4 Ncxa6 52. Nxf6+ Kxh6 53. Ne4
Nc6+ 54. Kc3 Nc7 55. Nd6 Nd5+ 56. Kb2 b4 57. Ne4 Nd4 58. Nc5 Nf4 59. Nb3 Nxb3
60. Kxb3 Nd5 61. Kc4 Kg7 62. Kxd5 b3 63. Ke6 Kf8 0-1

[Event "World Youth Boys U18 2014"]
[Site "Durban RSA"]
[Date "2014.09.25"]
[Round "7.7"]
[White "Csonka, Balazs"]
[Black "Bida, Mihai-Eugen"]
[Result "1-0"]
[WhiteTitle "FM"]
[WhiteElo "2412"]
[BlackElo "2323"]
[WhiteFideId "742910"]
[BlackFideId "1200062"]
[EventDate "2014.09.20"]

1. Nf3 c5 2. c4 Nc6 3. Nc3 e5 4. g3 d6 5. Bg2 g6 6. O-O Bg7 7. d3 Nge7 8. Ne1
Be6 9. Nd5 O-O 10. Nc2 Rb8 11. Bg5 h6 12. Bd2 b5 13. Rb1 b4 14. a3 a5 15. axb4
axb4 16. Ra1 f5 17. Ra6 Kh7 18. b3 Bf7 19. Nce3 Nxd5 20. Nxd5 Ne7 21. Nxe7 Qxe7
22. Bc1 Be6 23. e3 Rf7 24. Bb2 Bc8 25. Ra2 Bb7 26. Ra7 Qe6 27. Rxb7 Rbxb7 28.
Bxb7 Rxb7 29. e4 Rf7 30. Qe2 f4 31. Ra1 h5 32. f3 Bh6 33. Kg2 g5 34. gxf4 Rxf4
35. Ra7+ Kg6 36. Bc1 Rf8 37. Qe3 Rh8 38. Qf2 h4 39. h3 Qf6 40. Be3 Rh7 41. Ra6
Rc7 42. Kf1 Qe6 43. Bxc5 Qxh3+ 44. Ke2 Kh5 45. Bxd6 Rf7 46. Bxe5 Qh1 47. Ra1 Qh3
48. Rg1 Qe6 49. Bb2 Bg7 50. Qg2 Qg6 51. Qg4+ Kh6 52. Bc1 1-0

[Event "World Youth Boys U18 2014"]
[Site "Durban RSA"]
[Date "2014.09.25"]
[Round "7.8"]
[White "Rindlisbacher, Lars"]
[Black "Ruiz C, Joshua D"]
[Result "0-1"]
[WhiteTitle "FM"]
[BlackTitle "IM"]
[WhiteElo "2336"]
[BlackElo "2395"]
[WhiteFideId "1304178"]
[BlackFideId "4400704"]
[EventDate "2014.09.20"]

1. e4 c5 2. Nf3 d6 3. d4 cxd4 4. Nxd4 Nf6 5. Nc3 a6 6. Be3 e5 7. Nb3 Be6 8. Qd2
Nbd7 9. O-O-O b5 10. f4 Rc8 11. Kb1 Qc7 12. h3 h5 13. Bd3 h4 14. Rhe1 Be7 15.
Nd5 Bxd5 16. exd5 Kf8 17. Bf5 Rh5 18. Bxd7 Nxd7 19. g4 exf4 20. Bxf4 Rh8 21. g5
Nb6 22. Nd4 Kg8 23. Nc6 Bf8 24. g6 Rh5 25. Qe2 fxg6 26. Qg4 Qf7 27. Be3 Rxd5 28.
Rxd5 Qxd5 29. Na5 Rb8 30. Bxb6 Rxb6 31. Qxh4 Qg2 32. Qd8 Qf2 33. Rh1 b4 34. Nc4
Rb5 35. Nxd6 Rh5 36. Rd1 Rd5 37. Ne4 Rxd8 38. Nxf2 Re8 39. Kc1 Bc5 40. Nd3 Be3+
41. Kb1 a5 42. Re1 g5 43. Re2 Kf7 44. c3 bxc3 45. bxc3 Kf6 46. Ne1 Rb8+ 47. Kc2
Ba7 48. Nf3 Rb5 49. c4 Rf5 50. Nd2 Rf4 51. c5 Bxc5 52. Ne4+ Kf5 53. Nxc5 Rc4+
54. Kd2 Rxc5 0-1

[Event "World Youth Boys U18 2014"]
[Site "Durban RSA"]
[Date "2014.09.25"]
[Round "7.9"]
[White "Vignesh, NR"]
[Black "Nikolov, Rumen"]
[Result "1-0"]
[WhiteElo "2360"]
[BlackElo "2172"]
[WhiteFideId "25012215"]
[BlackFideId "2911620"]
[EventDate "2014.09.20"]

1. d4 d6 2. c4 e5 3. d5 Be7 4. Nc3 Bg5 5. e4 Bxc1 6. Rxc1 Nd7 7. g3 Ne7 8. Bg2
O-O 9. Nge2 f5 10. exf5 Nb6 11. Ne4 Bxf5 12. O-O Nd7 13. f4 Ng6 14. fxe5 Ngxe5
15. Nd4 Bxe4 16. Rxf8+ Qxf8 17. Bxe4 Nc5 18. Qc2 g6 19. b4 Qh6 20. Re1 Nxe4 21.
Rxe4 Rf8 22. Kg2 Rf7 23. Ne6 Qh5 24. Kg1 Nf3+ 25. Kh1 Nh4 26. Re1 Nf3 27. Rc1
Qe5 28. Rf1 c6 29. Qd3 Ne1 30. Rxf7 Kxf7 31. Qf1+ Qf5 32. Qxe1 cxd5 33. Nc7 dxc4
34. Qe8+ Kg7 35. Qe7+ Kg8 36. Qe8+ Kg7 37. Qe7+ Kg8 38. Qd8+ Kg7 39. Ne8+ Kh6
40. Qh4+ Qh5 41. Qf4+ Qg5 42. Qf8+ Kh5 43. Nf6+ 1-0

[Event "World Youth Boys U18 2014"]
[Site "Durban RSA"]
[Date "2014.09.25"]
[Round "7.11"]
[White "Olund, Joar"]
[Black "Wagner, Dennis"]
[Result "0-1"]
[BlackTitle "IM"]
[WhiteElo "2280"]
[BlackElo "2499"]
[WhiteFideId "1714848"]
[BlackFideId "24650684"]
[EventDate "2014.09.20"]

1. d4 e6 2. c4 Nf6 3. Nf3 d5 4. Nc3 dxc4 5. Qa4+ c6 6. Qxc4 b5 7. Qb3 Nbd7 8.
Bg5 h6 9. Bh4 Be7 10. e3 a6 11. Rd1 Bb7 12. Ne5 Nxe5 13. dxe5 Nd7 14. Bxe7 Qxe7
15. Ne4 O-O 16. Nd6 Nxe5 17. Qc3 f6 18. a4 Rfd8 19. Qc5 Nd7 20. Qa3 Nb6 21. a5
Nc8 22. Nxb7 Rxd1+ 23. Kxd1 Qxb7 24. Kc1 Qc7 25. Be2 c5 26. Rd1 Nd6 27. Qd3 Rd8
28. Qg6 Qxa5 29. Bh5 Nc4 30. Rxd8+ Qxd8 31. Qc2 Qa5 32. Kb1 Qb4 33. Kc1 a5 34.
b3 Ne5 35. f4 Qe1+ 36. Kb2 Qxe3 0-1

[Event "World Youth Boys U18 2014"]
[Site "Durban RSA"]
[Date "2014.09.25"]
[Round "7.12"]
[White "Salomon, Johan"]
[Black "Yurtseven, Melih"]
[Result "0-1"]
[WhiteElo "2362"]
[BlackElo "2208"]
[WhiteFideId "1509500"]
[BlackFideId "6312160"]
[EventDate "2014.09.20"]

1. d4 Nf6 2. c4 c5 3. d5 e6 4. Nc3 exd5 5. cxd5 d6 6. Nf3 g6 7. Bf4 Bg7 8. h3
O-O 9. e3 Qe7 10. Nd2 Nbd7 11. Be2 Ne8 12. O-O f5 13. Re1 Ne5 14. Bh2 g5 15. f4
Ng6 16. Bd3 gxf4 17. exf4 Qf6 18. Nf3 h6 19. Re2 Nc7 20. a4 Na6 21. Bc4 Nb4 22.
Bg3 a6 23. h4 Qf7 24. a5 Bd7 25. Na4 Rae8 26. Nb6 Rxe2 27. Qxe2 Re8 28. Qd2 Bb5
29. Bxb5 axb5 30. Bf2 Re4 31. g3 Nf8 32. Rb1 Qe8 33. Re1 Nd7 34. Nxd7 Qxd7 35.
Rxe4 fxe4 36. Ne1 Qf5 37. Qe2 Nd3 38. Ng2 Qxd5 39. Ne3 Qf7 40. f5 c4 41. g4 b4
42. g5 c3 43. bxc3 b3 44. g6 Qd7 45. Nd5 b2 46. Qc2 Qb5 47. Nb4 Qxf5 48. Nxd3
Qxg6+ 49. Kf1 exd3 50. Qxb2 Qe4 51. Qd2 Qh1+ 52. Bg1 Qh3+ 53. Kf2 Qxh4+ 54. Ke3 0-1

[Event "World Youth Boys U18 2014"]
[Site "Durban RSA"]
[Date "2014.09.25"]
[Round "7.13"]
[White "Nassr, Ali"]
[Black "Nasuta, Grzegorz"]
[Result "0-1"]
[WhiteTitle "IM"]
[BlackTitle "FM"]
[WhiteElo "2215"]
[BlackElo "2361"]
[WhiteFideId "7900520"]
[BlackFideId "1141686"]
[EventDate "2014.09.20"]

1. e4 c5 2. c3 d6 3. d4 Nf6 4. Bd3 Nc6 5. Nf3 e5 6. Bc2 cxd4 7. cxd4 Bg4 8. d5
Nd4 9. Bd3 Nxf3+ 10. gxf3 Bd7 11. Qb3 Qc7 12. Be3 Be7 13. Nc3 O-O 14. O-O-O b5
15. Kb1 Qa5 16. a3 Rfb8 17. Na2 b4 18. axb4 Qd8 19. Nc3 Ne8 20. Kc2 Nc7 21. Ra1
Rb7 22. Ra2 Bg5 23. Kd2 Rab8 24. Rc1 Bxe3+ 25. fxe3 Qh4 26. Qc2 Qxh2+ 27. Ne2
Ne8 28. b3 h5 29. Raa1 Qh4 30. Rh1 Qg5 31. Rag1 Qh6 32. Rh4 Kf8 33. f4 exf4 34.
Nxf4 Nf6 35. e5 dxe5 36. Qc5+ Kg8 37. Nxh5 Nxh5 38. Be2 Qf6 39. Rxh5 g6 40. d6
Bf5 41. e4 Bxe4 42. Qxe5 Qxe5 43. Rxe5 Bc6 44. Bc4 Kg7 45. Rf1 Rd8 46. Kc3 Rxd6
47. b5 Bg2 48. Rfe1 Kf6 49. Re8 Bh3 50. R1e3 Bf5 51. Rf8 Be6 52. Re8 0-1

[Event "World Youth Boys U18 2014"]
[Site "Durban RSA"]
[Date "2014.09.25"]
[Round "7.14"]
[White "Serikbay, Chingiz"]
[Black "Menezes, Christoph"]
[Result "1-0"]
[BlackTitle "FM"]
[WhiteElo "2173"]
[BlackElo "2329"]
[WhiteFideId "13707604"]
[BlackFideId "1617001"]
[EventDate "2014.09.20"]

1. e4 c5 2. Nf3 d6 3. d4 cxd4 4. Nxd4 Nf6 5. Nc3 a6 6. g3 e5 7. Nde2 Be7 8. Bg2
Nbd7 9. O-O b6 10. h3 h5 11. Bg5 Bb7 12. Qd2 O-O 13. Rad1 Rc8 14. f4 b5 15. Bxf6
Nxf6 16. Nd5 Nxd5 17. exd5 Bf6 18. f5 h4 19. gxh4 Bxh4 20. Nc3 Rc4 21. Qe2 Rd4
22. Qh5 Qg5 23. Qe2 Qh6 24. Rd3 b4 25. Nd1 Bd8 26. Rxd4 Bb6 27. Kh2 Bxd4 28. c3
bxc3 29. bxc3 Ba7 30. f6 gxf6 31. Qg4+ Kh8 32. Qd7 Qg7 33. Qxb7 Rg8 34. Qb2 Qg3+
35. Kh1 Rg6 36. Qe2 Bc5 37. Qf3 Qg5 38. Qe4 Qd2 39. Bf3 Qxa2 40. Qe2 Qa4 41. Be4
Rg5 42. h4 Rg7 43. Qh5+ Kg8 44. Qf5 Rg6 45. Qc8+ Kg7 46. Bxg6 Qxh4+ 47. Kg2 Qg5+
48. Kh3 Qh6+ 49. Kg3 1-0

[Event "World Youth Boys U18 2014"]
[Site "Durban RSA"]
[Date "2014.09.25"]
[Round "7.15"]
[White "Visakh, NR"]
[Black "Flermoen, Peter"]
[Result "0-1"]
[BlackTitle "CM"]
[WhiteElo "2300"]
[BlackElo "2226"]
[WhiteFideId "25012223"]
[BlackFideId "1507303"]
[EventDate "2014.09.20"]

1. d4 Nf6 2. Nf3 g6 3. g3 Bg7 4. Bg2 d5 5. O-O O-O 6. Nbd2 Bf5 7. c4 c6 8. b3
Ne4 9. Bb2 Qa5 10. a3 Rd8 11. b4 Qb6 12. c5 Qc7 13. Nh4 Nxd2 14. Qxd2 Bc8 15.
Nf3 a5 16. Bc3 axb4 17. axb4 Rxa1 18. Rxa1 Re8 19. Ra8 Na6 20. Ne5 b5 21. Bh3 f5
22. e4 Qb7 23. Rxc8 Qxc8 24. exf5 gxf5 25. Nd3 Qe6 26. Nf4 Qf7 27. Qa2 Nc7 28.
Qc2 Rf8 29. Qe2 e6 30. Bg2 Re8 31. Bf3 Ra8 32. Nd3 Ne8 33. Nf4 Nf6 34. Bd2 Ne4
35. Bxe4 dxe4 36. Be3 e5 37. dxe5 Bxe5 38. Kg2 Rd8 39. Nh3 Bf6 40. Nf4 Rd7 41.
h4 Kf8 42. Nh3 Ke8 43. Ng5 Bxg5 44. Bxg5 Qe6 45. Qb2 Kf7 46. Qh8 Kg6 47. Bf4 Kh5
48. Qb2 h6 49. Qh8 Qg6 50. Qf8 Rf7 51. Qe8 Qf6 52. Bd6 Kg6 53. Qxc6 Qe6 54. Qxb5
e3 55. fxe3 Qe4+ 56. Kf2 Ra7 57. Qe2 Qb1 58. Qc4 Ra2+ 59. Kf3 Qd1+ 60. Kf4 Qg4+ 0-1

[Event "World Youth Boys U18 2014"]
[Site "Durban RSA"]
[Date "2014.09.25"]
[Round "7.16"]
[White "Ofner, Maximilian"]
[Black "Ivekovic, Bozidar2"]
[Result "0-1"]
[WhiteElo "2145"]
[BlackElo "2299"]
[WhiteFideId "1637789"]
[BlackFideId "14518848"]
[EventDate "2014.09.20"]

1. e4 c5 2. Nf3 Nc6 3. Bb5 g6 4. Bxc6 bxc6 5. O-O Bg7 6. c3 Nf6 7. Re1 O-O 8. d4
d5 9. exd5 cxd5 10. Be3 Rb8 11. Qc1 c4 12. Nbd2 Qc7 13. b3 Bf5 14. bxc4 dxc4 15.
Nf1 Nd5 16. Bh6 Bd3 17. Bxg7 Kxg7 18. Ne3 Nf4 19. Qd2 f6 20. d5 e5 21. dxe6 Nxe6
22. Ng4 Qf7 23. Qh6+ Kh8 24. Re3 Ng7 25. Nd4 Nf5 26. Nxf5 gxf5 27. Nxf6 Qxf6 28.
Qf4 Rbe8 29. Rae1 Re4 30. Qc7 Qxc3 31. f3 Rxe3 32. Rxe3 Qc1+ 33. Kf2 Qd2+ 0-1

[Event "World Youth Boys U18 2014"]
[Site "Durban RSA"]
[Date "2014.09.25"]
[Round "7.17"]
[White "Bratkovic, Sham"]
[Black "Di Giannantonio, Nino"]
[Result "0-1"]
[BlackTitle "FM"]
[WhiteElo "2093"]
[BlackElo "2128"]
[WhiteFideId "14608715"]
[BlackFideId "119261"]
[EventDate "2014.09.20"]

1. e4 d6 2. d4 Nf6 3. Nc3 e5 4. Nf3 Nbd7 5. Bc4 Be7 6. O-O O-O 7. a4 a5 8. Re1
c6 9. h3 h6 10. Ba2 Re8 11. Nh4 exd4 12. Qxd4 Nc5 13. Nf3 Be6 14. Bf4 Bxa2 15.
Rxa2 Ne6 16. Qd2 d5 17. e5 Nd7 18. Ne2 Ndc5 19. Ng3 Qb6 20. Be3 Qb4 21. Qxb4
axb4 22. b3 Ra5 23. Nf5 Bf8 24. Rea1 Ne4 25. Bb6 Ra6 26. a5 g6 27. Ne3 Nc3 28.
Rb2 Bc5 29. Bxc5 Nxc5 30. Nd1 N5e4 31. Ne1 Nxd1 32. Rxd1 Rxa5 33. Nd3 Nc3 34.
Re1 c5 35. f4 b6 36. Kf2 Rea8 37. Nc1 Ra1 38. Ke3 f6 39. Kd2 fxe5 40. Rxe5 d4
41. Re6 Rxc1 0-1

[Event "World Youth Boys U18 2014"]
[Site "Durban RSA"]
[Date "2014.09.25"]
[Round "7.18"]
[White "Poleg, Matan"]
[Black "Eltigani, Omar"]
[Result "1-0"]
[BlackTitle "IM"]
[WhiteElo "2039"]
[BlackElo "2261"]
[WhiteFideId "2811472"]
[BlackFideId "738794"]
[EventDate "2014.09.20"]

1. d4 d5 2. c4 c6 3. Nf3 Nf6 4. e3 e6 5. Bd3 Nbd7 6. Nbd2 Be7 7. O-O O-O 8. e4
dxe4 9. Nxe4 Nxe4 10. Bxe4 c5 11. b3 Bf6 12. Bb2 Qc7 13. Qc2 h6 14. Rad1 Rb8 15.
d5 exd5 16. cxd5 Bxb2 17. Qxb2 Nf6 18. d6 Qb6 19. Bb1 Bg4 20. Qc3 Rbd8 21. h3
Be6 22. Qd3 Bd5 23. Ne5 Be4 24. Qc3 Bxb1 25. Nc4 Qb4 26. Qxb4 cxb4 27. Rxb1 b5
28. Ne5 Rxd6 29. Rfc1 Re8 30. Nc6 Nd5 31. Rd1 Rxc6 32. Rxd5 a6 33. Rb2 Re1+ 34.
Kh2 Rec1 35. Rdd2 R1c3 36. f3 Kf8 37. Rd8+ Ke7 38. Rg8 Kf6 39. Rd2 Re3 40. Kg3
Re7 41. h4 Rec7 42. Rd4 Ke5 43. Rxb4 Rg6+ 44. Rg4 Rxg4+ 45. Kxg4 Rc6 1-0

[Event "World Youth Boys U18 2014"]
[Site "Durban RSA"]
[Date "2014.09.25"]
[Round "7.19"]
[White "Nyamdorj, Davaaochir"]
[Black "Machan, Jan"]
[Result "0-1"]
[WhiteElo "1804"]
[BlackElo "2248"]
[WhiteFideId "2621843"]
[BlackFideId "334774"]
[EventDate "2014.09.20"]

1. e4 c6 2. Nf3 d5 3. exd5 cxd5 4. d4 Nc6 5. Bb5 Bg4 6. O-O e6 7. h3 Bxf3 8.
Qxf3 a6 9. Bxc6+ bxc6 10. c4 Nf6 11. Nc3 Be7 12. Bf4 O-O 13. c5 Nd7 14. Qg3 Bh4
15. Qe3 Re8 16. b4 e5 17. dxe5 Bf6 18. Rad1 Nxe5 19. Bxe5 Bxe5 20. Qd3 Qh4 21.
Rb1 Qf4 22. g3 Qf6 23. Ne2 Bc7 24. Kg2 Re4 25. Nc3 Rd4 26. Qe3 Rc4 27. Na4 Re4
28. Qd3 Rae8 29. Nc3 Rc4 30. Rfe1 Rd8 31. Na4 h5 32. Nb6 Rc3 33. Qe2 h4 34. Rec1
Rxc1 35. Rxc1 hxg3 36. fxg3 Bxg3 37. Rf1 Qg6 38. Rf3 Bc7+ 39. Kf2 Qe4 40. Qxa6
Re8 41. Kg2 Qg6+ 42. Kf1 Bh2 0-1

[Event "World Youth Boys U18 2014"]
[Site "Durban RSA"]
[Date "2014.09.25"]
[Round "7.20"]
[White "Bezuidenhout, Roland"]
[Black "Abe, Mahiro"]
[Result "1-0"]
[WhiteTitle "CM"]
[WhiteElo "2030"]
[BlackElo "2146"]
[WhiteFideId "14304562"]
[BlackFideId "7000235"]
[EventDate "2014.09.20"]

1. e4 e5 2. Nf3 Nc6 3. Nc3 Nf6 4. g3 Bc5 5. Bg2 d6 6. d3 a6 7. Be3 Ng4 8. Bxc5
dxc5 9. Qd2 O-O 10. Nd5 Be6 11. Ne3 Nh6 12. h3 f6 13. g4 Nd4 14. Nh4 Nf7 15. c3
Nc6 16. Nhf5 g6 17. Ng3 Qd7 18. Nd5 Kg7 19. Qe3 b6 20. O-O Ne7 21. c4 Nd6 22. f4
Nc6 23. Rac1 a5 24. Rfe1 Bg8 25. Rf1 Rae8 26. f5 Nd4 27. g5 Bxd5 28. cxd5 Qe7
29. gxf6+ Qxf6 30. Kh2 Qh4 31. Qe1 Rf6 32. fxg6 hxg6 33. Rxf6 Qxf6 34. Qd1 Qf4
35. a3 a4 36. Rb1 Rf8 37. Ra1 Qf2 38. Qg4 Kh7 39. Rf1 Nf3+ 40. Kh1 Qxf1+ 1-0

[Event "World Youth Boys U18 2014"]
[Site "Durban RSA"]
[Date "2014.09.25"]
[Round "7.21"]
[White "Nilsen, Martin"]
[Black "Hackner, Oskar A"]
[Result "0-1"]
[WhiteElo "2003"]
[BlackElo "2102"]
[WhiteFideId "1510657"]
[BlackFideId "424188"]
[EventDate "2014.09.20"]

1. e4 e6 2. d4 d5 3. Nc3 Nf6 4. Bg5 Be7 5. e5 Nfd7 6. h4 Nc6 7. Nf3 f6 8. exf6
Nxf6 9. Bd3 O-O 10. a3 h6 11. Bd2 Nh5 12. Ng5 Nf4 13. Bxf4 Rxf4 14. Qh5 Bxg5 15.
hxg5 Qxg5 16. Qe8+ Rf8 17. Bh7+ Kxh7 18. Qxf8 Nxd4 19. O-O Bd7 20. f4 Qxg2+ 21.
Kxg2 Rxf8 22. Rf2 c5 23. Rc1 Bc6 24. Re1 Rf6 25. Re5 Kg6 26. Nd1 Nf5 27. Kh2 Kf7
28. Ne3 Nxe3 29. Rxe3 g5 30. Kg3 Rf5 31. fxg5 hxg5 32. Rh2 d4 33. Re1 e5 34. Kg4
Ke6 35. Rh6+ Rf6 36. Rh8 Rf2 37. Rc1 Rg2+ 0-1

[Event "World Youth Boys U18 2014"]
[Site "Durban RSA"]
[Date "2014.09.25"]
[Round "7.22"]
[White "Nielsen, Viktor"]
[Black "Holleland, Sigve"]
[Result "1-0"]
[WhiteElo "2052"]
[BlackElo "2001"]
[WhiteFideId "1444492"]
[BlackFideId "1513672"]
[EventDate "2014.09.20"]

1. e4 e5 2. Nf3 Nc6 3. Bb5 Nf6 4. d3 d6 5. c3 a6 6. Ba4 b5 7. Bc2 Be7 8. O-O Bg4
9. Re1 O-O 10. Nbd2 d5 11. h3 Bh5 12. g4 Bg6 13. Nh4 dxe4 14. Nxg6 fxg6 15. Nxe4
Nxe4 16. dxe4 Bc5 17. Be3 Bxe3 18. Rxe3 Qh4 19. Rf3 Na5 20. a4 Rad8 21. Qe2 Rxf3
22. Qxf3 Rf8 23. Qg3 Qxg3+ 24. fxg3 Nc4 25. axb5 axb5 26. Bb3 Rf3 27. Ra5 Kf8
28. Bxc4 bxc4 29. Kg2 Re3 30. Rxe5 Re2+ 31. Kf3 Rxb2 32. Rc5 Rb7 33. Rxc4 Ke7
34. e5 Kd7 35. Ke4 Rb1 36. Kd5 Rd1+ 37. Rd4 Re1 38. Rd3 c6+ 39. Kc5+ Ke6 40.
Kxc6 Kxe5 41. c4 g5 42. c5 Rh1 43. Kd7 Ke4 44. Rc3 Kd4 45. c6 Kxc3 46. c7 Rxh3
47. c8=Q+ Kd4 48. Qf8 Ke3 49. Qxg7 h6 50. Ke6 Kf3 51. Kf5 Kxg3 52. Qh8 Kf3 53.
Qa8+ Kg3 54. Qa3+ Kg2 55. Qb2+ Kf3 56. Qc3+ Kg2 57. Qd2+ 1-0

[Event "World Youth Boys U18 2014"]
[Site "Durban RSA"]
[Date "2014.09.25"]
[Round "7.23"]
[White "De Strycker, Nathan"]
[Black "Dukic, Zachary"]
[Result "0-1"]
[WhiteElo "2133"]
[BlackElo "1937"]
[WhiteFideId "226343"]
[BlackFideId "2617188"]
[EventDate "2014.09.20"]

1. d4 Nf6 2. c4 g6 3. Nc3 Bg7 4. e4 d6 5. Nf3 O-O 6. Be2 e5 7. O-O Nc6 8. d5 Ne7
9. Ne1 Nd7 10. Be3 f5 11. f3 f4 12. Bf2 g5 13. Rc1 Rf6 14. c5 Nxc5 15. b4 Na6
16. Nb5 Bd7 17. Nxa7 Rh6 18. Bxa6 bxa6 19. Qc2 g4 20. fxg4 Bxg4 21. Kh1 Qe8 22.
Bg1 Qh5 23. Qxc7 Bf6 24. Nf3 Ng6 25. Qxd6 Nh4 26. Rc3 Nxg2 27. Kxg2 Qh3+ 28. Kh1
Qxf1 29. Nd2 Qe2 0-1

[Event "World Youth Boys U18 2014"]
[Site "Durban RSA"]
[Date "2014.09.25"]
[Round "7.24"]
[White "Malka, Samuel"]
[Black "De Abreu, Roberto N"]
[Result "1/2-1/2"]
[BlackTitle "FM"]
[WhiteElo "2298"]
[BlackElo "2009"]
[WhiteFideId "20643675"]
[BlackFideId "14307472"]
[EventDate "2014.09.20"]

1. d4 Nf6 2. c4 c5 3. d5 b5 4. cxb5 a6 5. bxa6 g6 6. Nc3 Bg7 7. e4 O-O 8. Nf3
Qa5 9. Bd2 Bxa6 10. Be2 Qb4 11. O-O Nxe4 12. Nxe4 Qxe4 13. Bxa6 Rxa6 14. Bc3
Bxc3 15. bxc3 Rd6 16. Re1 Qxd5 17. Qxd5 Rxd5 18. Rxe7 Nc6 19. Re3 Ra8 20. h4 Ra4
21. g3 Kg7 22. Kf1 c4 23. g4 Ra3 24. g5 Rda5 25. Rd1 d5 26. Nd4 Nxd4 27. Rxd4
Rxa2 28. Re7 Ra7 29. Rxa7 Rxa7 30. Rxd5 Ra3 31. Rc5 Rxc3 32. Ke2 Rc2+ 33. Kf3
Rc1 34. Rc7 c3 35. Rc8 Rh1 36. Kg3 Rc1 37. Kf3 h6 38. Kg2 Rc2 39. Kg3 Rc1 40.
Kg2 c2 41. Kf3 Rh1 42. Rxc2 Rxh4 43. gxh6+ Kxh6 44. Kg3 Ra4 45. f4 Ra3+ 46. Kh4
Ra1 47. Rc7 f5 48. Kg3 Rg1+ 49. Kf3 Rb1 50. Kg3 Rb3+ 51. Kh4 Rf3 52. Rc4 Kg7 53.
Ra4 Kf6 54. Ra6+ Kf7 55. Ra4 Kf6 56. Rd4 Ke7 57. Ra4 Kd6 58. Kg5 Rg3+ 59. Kf6
Kd5 60. Rb4 Rg2 61. Ra4 Kc5 62. Kf7 Rg1 63. Kf6 Rg4 64. Ke6 1/2-1/2